HOW TO WIN FRIENDS AND INFLUENCE PEOPLE (Record no. 582360)
[ view plain ]
| 000 -LEADER | |
|---|---|
| fixed length control field | 00262nam a22001097a 4500 |
| 082 ## - DEWEY DECIMAL CLASSIFICATION NUMBER | |
| Classification number | 158 CAR |
| 100 ## - MAIN ENTRY--PERSONAL NAME | |
| Personal name | CARNEGIE, DALE |
| 9 (RLIN) | 8826 |
| 245 ## - TITLE STATEMENT | |
| Title | HOW TO WIN FRIENDS AND INFLUENCE PEOPLE |
| 260 ## - PUBLICATION, DISTRIBUTION, ETC. | |
| Place of publication, distribution, etc. | NEWYORK |
| Name of publisher, distributor, etc. | A KANGAROO BOOKS |
| Date of publication, distribution, etc. | 1977 |
| 300 ## - PHYSICAL DESCRIPTION | |
| Extent | 264P |
| 942 ## - ADDED ENTRY ELEMENTS (KOHA) | |
| Koha item type | Book |
| Withdrawn status | Lost status | Damaged status | Not for loan | Permanent Location | Current Location | Shelving location | Date acquired | Total Checkouts | Full call number | Barcode | Date last seen | Price effective from | Koha item type |
|---|---|---|---|---|---|---|---|---|---|---|---|---|---|
| College of Electrical & Mechanical Engineering (CEME) | College of Electrical & Mechanical Engineering (CEME) | General Stacks | 06/05/2017 | 158 CAR | CEME-10145 | 06/28/2021 | 06/28/2021 | Book |
